[Event "C.to Provinciale BS"]
[Site "Ghedi ITA"]
[Date "2015.01.25"]
[Round "3"]
[White "Pesci, Silvio"]
[Black "Avanzini, Angelo"]
[WhiteElo "1407"]
[BlackElo "1529"]
[Result "0-1"]
[PlyCount "79"]
[EventDate "2015.01.24"]

1. e4 c5 2. Nc3 Nc6 3. f4 e6 4. Bb5 a6 5. Bxc6 bxc6 6. Nf3 d5 7. e5 Nh6 8. O-O
Nf5 9. d3 Be7 10. Qe1 Nd4 11. Nxd4 cxd4 12. Nd1 c5 13. Nf2 O-O 14. Qe2 Bd7 15.
Nh3 Bb5 16. Qh5 f6 17. Qg4 f5 18. Qd1 c4 19. Ng5 Bxg5 20. fxg5 Be8 21. Qf3 Rc8
22. Qf4 Qb6 23. Rf3 g6 24. Rh3 Rc7 25. a4 a5 26. Kh1 Qb4 27. Qxd4 Qe1+ 28. Qg1
Qxe5 29. d4 Qd6 30. c3 Qb6 31. Re3 Rcf7 32. Rf3 Re7 33. Qf2 e5 34. dxe5 Qxf2
35. Rxf2 Rxe5 36. Bf4 Re4 37. Bc7 Bc6 38. Bxa5 Ra8 39. Bb4 Rxa4 40. Rxa4 0-1

[Event "C.to Provinciale BS"]
[Site "Ghedi ITA"]
[Date "2015.01.25"]
[Round "3"]
[White "Ricci, Davide"]
[Black "Rrasa, Elvan"]
[WhiteElo "1527"]
[BlackElo "1718"]
[Result "0-1"]
[PlyCount "76"]
[EventDate "2015.01.24"]

1. d4 d5 2. c4 e6 3. Nc3 f5 4. cxd5 exd5 5. Nf3 Nf6 6. a3 Nbd7 7. Bf4 c6 8. h3
Be7 9. Qc2 Ne4 10. Nd2 O-O 11. f3 Bh4+ 12. g3 Bxg3+ 13. Bxg3 Nxg3 14. Rg1 Qh4
15. O-O-O f4 16. Bg2 Nb6 17. Nf1 Nf5 18. Qd3 Nc4 19. Na2 Nce3 20. Nxe3 Nxe3 21.
Rd2 Qf2 22. Rdd1 Nxg2 23. Rdf1 Qe3+ 24. Qxe3 Nxe3 25. Re1 Bxh3 26. Nb4 Bf5 27.
Rg5 Rf6 28. Reg1 Rg6 29. Rxg6 Bxg6 30. Nd3 Bxd3 31. exd3 Rf8 32. Rg5 Rf5 33.
Rg1 g5 34. Kd2 h5 35. Kc3 g4 36. Kb4 g3 37. Rh1 g2 38. Rg1 h4 0-1

[Event "C.to Provinciale BS"]
[Site "Ghedi ITA"]
[Date "2015.01.31"]
[Round "4"]
[White "Andreis, Stefano"]
[Black "Agnelli, Francesco"]
[WhiteElo "1873"]
[BlackElo "2020"]
[Result "0-1"]
[PlyCount "94"]
[EventDate "2015.01.24"]

1. e4 c5 2. Nc3 Nc6 3. d3 d6 4. g3 g6 5. Bg2 Bg7 6. f4 Nf6 7. Nf3 O-O 8. O-O
Rb8 9. Kh1 Bd7 10. Be3 b5 11. Rb1 b4 12. Ne2 Qa5 13. Ra1 Qc7 14. h3 a5 15. g4
a4 16. Rb1 Be6 17. b3 Ra8 18. f5 Bd7 19. Nf4 axb3 20. axb3 Ra2 21. g5 Ne8 22.
Nd5 Qd8 23. Nh2 Ne5 24. Rf2 Bc6 25. fxg6 hxg6 26. d4 cxd4 27. Bxd4 Bxd5 28.
exd5 Nc7 29. Rb2 Ra5 30. c3 Nb5 31. cxb4 Ra8 32. Ra2 Nxd4 33. Qxd4 Nf3 34. Qe3
Nxh2 35. Kxh2 Be5+ 36. Kh1 Qc7 37. Be4 Qb7 38. Qe1 Bg3 39. Qc3 Bxf2 40. Rxf2
Qa7 41. Rf1 Rac8 42. Qd3 Kg7 43. Qe2 Qd4 44. b5 Rc3 45. Rd1 Qe5 46. Rd3 Rfc8
47. Rxc3 Rxc3 0-1

[Event "C.to Provinciale BS"]
[Site "Ghedi ITA"]
[Date "2015.01.31"]
[Round "4"]
[White "Avanzini, Angelo"]
[Black "Testa, Italo"]
[WhiteElo "1529"]
[BlackElo "1491"]
[Result "0-1"]
[PlyCount "24"]
[EventDate "2015.01.24"]

1. d4 e6 2. Nf3 Nf6 3. Nbd2 d5 4. e3 Nc6 5. Be2 Bd6 6. O-O O-O 7. Re1 Ne4 8.
Bd3 f5 9. c4 b6 10. cxd5 exd5 11. Qb3 Kh8 12. Qxd5 Bxh2+ 0-1

[Event "C.to Provinciale BS"]
[Site "Ghedi ITA"]
[Date "2015.01.31"]
[Round "4"]
[White "Conti, Ferdinando"]
[Black "Brugaletta, Alessandro"]
[WhiteElo "1679"]
[BlackElo "1392"]
[Result "1-0"]
[PlyCount "73"]
[EventDate "2015.01.24"]

1. Nf3 Nf6 2. b4 a6 3. Bb2 Nc6 4. a3 d6 5. c4 b5 6. e3 bxc4 7. Bxc4 Bg4 8. Be2
e5 9. d3 a5 10. b5 Nb8 11. Nc3 c6 12. a4 Bd7 13. O-O Qb6 14. Rb1 Be7 15. d4 e4
16. Nd2 d5 17. f3 cxb5 18. axb5 exf3 19. Nxf3 Bb4 20. Ne5 Bxc3 21. Nxd7 Nbxd7
22. Bxc3 a4 23. Ra1 a3 24. Bb4 a2 25. Qb3 Qa7 26. Bc5 Nxc5 27. dxc5 Qxc5 28. b6
Ra3 29. Qb5+ Qxb5 30. Bxb5+ Ke7 31. Rfc1 Rb3 32. Rc7+ Kd8 33. Rxa2 Rb1+ 34. Kf2
Ne4+ 35. Kf3 Rf1+ 36. Bxf1 Ng5+ 37. Ke2 1-0

[Event "C.to Provinciale BS"]
[Site "Ghedi ITA"]
[Date "2015.01.31"]
[Round "4"]
[White "Dieli, Alberto"]
[Black "Burimi, Ilir"]
[WhiteElo "1935"]
[BlackElo "1931"]
[Result "0-1"]
[PlyCount "98"]
[EventDate "2015.01.24"]

1. e4 c5 2. Nf3 Nc6 3. d4 cxd4 4. Nxd4 e6 5. Nc3 Qc7 6. Be3 a6 7. Be2 Nf6 8.
Qd2 Bb4 9. f3 Ne5 10. O-O Nc4 11. Bxc4 Qxc4 12. Qd3 Qc7 13. Nce2 d5 14. e5 Qxe5
15. Bf4 Qh5 16. a3 Bc5 17. b4 Bxd4+ 18. Qxd4 O-O 19. Bd6 Re8 20. Qb6 e5 21.
Rfe1 Qg6 22. c3 Bh3 23. Ng3 Nd7 24. Qe3 Qxd6 25. gxh3 Qe6 26. Kg2 f5 27. Qg5 g6
28. h4 Qf6 29. Rad1 Qxg5 30. hxg5 Nb6 31. h4 Rad8 32. h5 f4 33. Ne2 Nc4 34. Kf2
Nxa3 35. hxg6 hxg6 36. Rh1 Kg7 37. Rh4 Nc4 38. Nc1 Ne3 39. Rd3 Rh8 40. Rxh8
Rxh8 41. Rxe3 fxe3+ 42. Kxe3 Rh4 43. Nd3 e4 44. Nc5 Rh3 45. Nxb7 Rxf3+ 46. Ke2
Rxc3 47. Nd8 Rc4 48. Ne6+ Kf7 49. Nf4 d4 0-1

[Event "C.to Provinciale BS"]
[Site "Ghedi ITA"]
[Date "2015.01.31"]
[Round "4"]
[White "Domenighini, Alessandro"]
[Black "Peli, Jordan"]
[WhiteElo "1721"]
[BlackElo "1518"]
[Result "1-0"]
[PlyCount "53"]
[EventDate "2015.01.24"]

1. d4 d5 2. Nf3 Bg4 3. c4 e6 4. Nc3 Nf6 5. Bg5 Nbd7 6. cxd5 Bxf3 7. exf3 exd5
8. Bd3 Be7 9. O-O O-O 10. Re1 c6 11. Qc2 h6 12. Bh4 Kh8 13. Re2 Ng8 14. Bxe7
Nxe7 15. Rae1 Re8 16. Qb3 b6 17. Bb1 Nf6 18. Qc2 Qd7 19. Nd1 Ng6 20. g3 Rac8
21. Ne3 c5 22. Qf5 Qd6 23. Nxd5 Rxe2 24. Qxc8+ Ng8 25. Rxe2 Qxd5 26. Re8 N6e7
27. Rxe7 1-0

[Event "C.to Provinciale BS"]
[Site "Ghedi ITA"]
[Date "2015.01.31"]
[Round "4"]
[White "Frugoni, Giulio"]
[Black "Lumachi, Gabriele"]
[WhiteElo "1573"]
[BlackElo "1443"]
[Result "0-1"]
[PlyCount "83"]
[EventDate "2015.01.24"]

1. Nf3 c5 2. d4 e6 3. e4 cxd4 4. Nxd4 Nc6 5. Be2 Bc5 6. Be3 Qb6 7. Nb5 Bxe3 8.
Nd6+ Kf8 9. fxe3 Qb4+ 10. c3 Qxb2 11. O-O f6 12. Nd2 Qxc3 13. N2c4 a6 14. Nxc8
Rxc8 15. Qxd7 Nge7 16. Qxe6 Nd8 17. Qb6 Nec6 18. Rad1 Qb4 19. Rd2 Qxb6 20. Nxb6
Ne5 21. Rd5 Rb8 22. Rxe5 Nc6 23. Nd7+ Kf7 24. Ref5 Rbd8 25. Ne5+ Nxe5 26. Rxe5
b5 27. Rd5 Rde8 28. Bf3 Re7 29. Rd6 Ra8 30. e5 Raa7 31. Bh5+ g6 32. Rfxf6+ Kg7
33. Bf3 Rxe5 34. Rfe6 Rc5 35. Rxa6 Rf7 36. Kf1 h5 37. Ke2 h4 38. Rxg6+ Kh8 39.
Ra8+ Kh7 40. Be4 Re5 41. Rg4+ Rxe4 42. Rxe4 $138 0-1

[Event "C.to Provinciale BS"]
[Site "Ghedi ITA"]
[Date "2015.01.31"]
[Round "4"]
[White "Geroldi, Alberto"]
[Black "Brugaletta, Giorgio"]
[WhiteElo "1482"]
[BlackElo "1737"]
[Result "1-0"]
[PlyCount "65"]
[EventDate "2015.01.24"]

1. e4 e6 2. b3 d5 3. Bb2 dxe4 4. Nc3 Nf6 5. Qe2 Bb4 6. O-O-O Qe7 7. Nxe4 Nxe4
8. Qxe4 Ba3 9. Qa4+ Bd7 10. Qxa3 Qxa3 11. Bxa3 a5 12. Nf3 a4 13. Kb2 axb3 14.
axb3 Nc6 15. Bb5 f6 16. d4 Kf7 17. d5 exd5 18. Rxd5 Be6 19. Rd2 Ra5 20. Bxc6
bxc6 21. Nd4 Bd5 22. f3 Rha8 23. Ra1 Rb8 24. Ne2 g5 25. Nc3 Be6 26. Ne4 Rbb5
27. Kc1 c5 28. Bb2 c4 29. Rxa5 Rxa5 30. Bc3 Rb5 31. b4 h6 32. Nxf6 c5 33. Ne4
1-0

[Event "C.to Provinciale BS"]
[Site "Ghedi ITA"]
[Date "2015.01.31"]
[Round "4"]
[White "Peloni, Davide"]
[Black "Campana, Andrea"]
[WhiteElo "1416"]
[BlackElo "1437"]
[Result "1-0"]
[PlyCount "55"]
[EventDate "2015.01.24"]

1. e4 d6 2. d4 Nf6 3. Nc3 g6 4. Bc4 Nxe4 5. Nxe4 d5 6. Bd3 dxe4 7. Bxe4 Bg7 8.
Nf3 Bg4 9. Bxb7 c6 10. Bxa8 O-O 11. h3 Bxf3 12. Qxf3 Qb6 13. O-O Rc8 14. Bf4
Na6 15. Bxc6 Rxc6 16. Rfe1 e6 17. d5 Rxc2 18. dxe6 fxe6 19. Qa8+ Bf8 20. Bh6
Qxf2+ 21. Kh1 Nc7 22. Qxf8+ Qxf8 23. Bxf8 Kxf8 24. Rac1 Rxb2 25. Rxc7 Rxa2 26.
Rxe6 Ra1+ 27. Kh2 Rd1 28. Rxh7 1-0

[Event "C.to Provinciale BS"]
[Site "Ghedi ITA"]
[Date "2015.01.31"]
[Round "4"]
[White "Poletti, Fausto"]
[Black "Rrasa, Elvan"]
[WhiteElo "1928"]
[BlackElo "1718"]
[Result "1-0"]
[PlyCount "67"]
[EventDate "2015.01.24"]

1. e4 b6 2. d4 Bb7 3. Bd3 Nf6 4. f3 d5 5. e5 Nfd7 6. Be3 Ba6 7. Ne2 e6 8. O-O
Bxd3 9. Qxd3 c5 10. c3 Nc6 11. f4 g6 12. Nd2 c4 13. Qc2 b5 14. b4 Nb6 15. Nf3
a5 16. a3 a4 17. g4 h5 18. h3 Qd7 19. Rf2 O-O-O 20. Raf1 Be7 21. Rg2 Rdg8 22.
Ng3 f5 23. exf6 Bxf6 24. Ne5 Bxe5 25. fxe5 Rf8 26. Qxg6 Rxf1+ 27. Nxf1 hxg4 28.
hxg4 Ne7 29. Qf6 Rg8 30. Qf7 Na8 31. Bh6 Nc7 32. Bf8 Qe8 33. Qxe8+ Nxe8 34.
Bxe7 1-0

[Event "C.to Provinciale BS"]
[Site "Ghedi ITA"]
[Date "2015.02.01"]
[Round "5"]
[White "Agnelli, Francesco"]
[Black "Burimi, Ilir"]
[WhiteElo "2020"]
[BlackElo "1931"]
[Result "1/2-1/2"]
[PlyCount "63"]
[EventDate "2015.01.24"]

1. e4 c5 2. Nf3 Nc6 3. d4 cxd4 4. Nxd4 e6 5. Nc3 Qc7 6. Be3 a6 7. Qd2 Nf6 8. a3
Be7 9. Be2 Ne5 10. O-O-O b5 11. f4 Nc4 12. Bxc4 bxc4 13. e5 Ng4 14. Bg1 Rb8 15.
Qe2 Nh6 16. Ne4 c3 17. Nxc3 Bxa3 18. Ncb5 Bxb2+ 19. Kxb2 axb5 20. Nb3 Qc4 21.
Qd2 O-O 22. Bc5 Re8 23. Rhg1 Bb7 24. g4 Be4 25. Qf2 b4 26. Rg3 Bg6 27. h4 Qa6
28. Ra1 Qc4 29. h5 Be4 30. Rd1 Qa6 31. Ra1 Qc4 32. Rd1 1/2-1/2

[Event "C.to Provinciale BS"]
[Site "Ghedi ITA"]
[Date "2015.02.01"]
[Round "5"]
[White "Brugaletta, Alessandro"]
[Black "Lumachi, Gabriele"]
[WhiteElo "1392"]
[BlackElo "1443"]
[Result "0-1"]
[PlyCount "96"]
[EventDate "2015.01.24"]

1. c4 c5 2. Nc3 Nc6 3. g3 g6 4. Bg2 Bg7 5. Nf3 Nf6 6. O-O O-O 7. d3 d6 8. Nd2
Bd7 9. Rb1 Qc8 10. Nde4 Nxe4 11. Nxe4 Bh3 12. b3 Ne5 13. Ng5 Bxg2 14. Kxg2 f6
15. Ne4 Qc6 16. Kg1 f5 17. Ng5 Qd7 18. f4 Ng4 19. Nf3 e5 20. fxe5 Nxe5 21. Nxe5
Bxe5 22. Bb2 Bxb2 23. Rxb2 Qg7 24. Qd2 Rfe8 25. Rc2 Qd4+ 26. Rf2 Re6 27. Qf4
Qe5 28. Qxe5 dxe5 29. e4 Rf8 30. Rcd2 f4 31. gxf4 Rxf4 32. Rxf4 exf4 33. d4 Kf7
34. dxc5 Rxe4 35. Rd7+ Re7 36. Rd4 g5 37. a4 Rc7 38. Rd5 Kf6 39. Kf2 Re7 40. b4
Re4 41. Kf3 Rxc4 42. Kg4 Rxb4 43. Rxg5 f3+ 44. Kh5 f2 45. h4 f1=Q 46. a5 Qf3+
47. Kh6 Rxh4+ 48. Rh5 Qxh5# 0-1

[Event "C.to Provinciale BS"]
[Site "Ghedi ITA"]
[Date "2015.02.01"]
[Round "5"]
[White "Brugaletta, Giorgio"]
[Black "Avanzini, Angelo"]
[WhiteElo "1737"]
[BlackElo "1529"]
[Result "1-0"]
[PlyCount "89"]
[EventDate "2015.01.24"]

1. e4 c5 2. Nf3 Nc6 3. d4 cxd4 4. Nxd4 g6 5. Nc3 Bg7 6. Be3 Nf6 7. f3 d5 8.
Nxc6 bxc6 9. e5 Nd7 10. f4 e6 11. g3 O-O 12. h4 f6 13. exf6 Qxf6 14. Bf2 Re8
15. Be2 a5 16. O-O Ba6 17. Bxa6 Rxa6 18. Qd3 Raa8 19. Rad1 e5 20. Nxd5 cxd5 21.
Qxd5+ Kh8 22. Qxd7 Red8 23. Qc7 e4 24. Rxd8+ Qxd8 25. Qxd8+ Rxd8 26. Re1 Bxb2
27. Rxe4 Rd2 28. c4 Ba3 29. c5 Rxa2 30. Rc4 Bb4 31. Bd4+ Kg8 32. c6 Bd6 33. c7
Bxc7 34. Rxc7 a4 35. Rc1 h5 36. Ra1 Rxa1+ 37. Bxa1 Kf7 38. Kf2 Ke6 39. Kf3 Kf5
40. Bb2 Ke6 41. Ke4 Kf7 42. f5 Kg8 43. fxg6 a3 44. Bxa3 Kg7 45. Kf5 1-0

[Event "C.to Provinciale BS"]
[Site "Ghedi ITA"]
[Date "2015.02.01"]
[Round "5"]
[White "Domenighini, Alessandro"]
[Black "Andreis, Stefano"]
[WhiteElo "1721"]
[BlackElo "1873"]
[Result "0-1"]
[PlyCount "114"]
[EventDate "2015.01.24"]

1. d4 d5 2. Nf3 Nf6 3. c4 c6 4. Nc3 e6 5. Bg5 dxc4 6. e3 b5 7. a3 Be7 8. Be2
Bb7 9. O-O Nbd7 10. Qc2 O-O 11. Rfd1 h6 12. Bh4 Nd5 13. Bg3 Qb6 14. Ne4 c5 15.
dxc5 Nxc5 16. Nxc5 Qxc5 17. Nd4 Nf6 18. Bf3 Bxf3 19. Nxf3 Rfd8 20. h3 a5 21.
Be5 Rd5 22. Rxd5 Nxd5 23. Bd4 Qc7 24. Qe4 Rd8 25. Qe5 Qxe5 26. Nxe5 Rc8 27. Rc1
Bf6 28. Kf1 Bxe5 29. Bxe5 f6 30. Bc3 Nxc3 31. Rxc3 Rd8 32. Ke2 Kf7 33. b3 cxb3
34. Rxb3 Rd5 35. e4 Rc5 36. Kd3 e5 37. h4 Ke6 38. h5 f5 39. exf5+ Kxf5 40. f3
Kg5 41. Ke4 Kxh5 42. f4 exf4 43. Kxf4 g5+ 44. Kg3 b4 45. axb4 Rb5 46. Kf2 axb4
47. Rh3+ Kg6 48. Rb3 Kf5 49. Ke3 Ke5 50. g4 Rb6 51. Rb1 b3 52. Rb2 Rb4 53. Kf3
Kd4 54. Ke2 Kc3 55. Rd2 b2 56. Rd3+ Kc4 57. Kd2 b1=Q 0-1

[Event "C.to Provinciale BS"]
[Site "Ghedi ITA"]
[Date "2015.02.01"]
[Round "5"]
[White "Geroldi, Alberto"]
[Black "Poletti, Fausto"]
[WhiteElo "1482"]
[BlackElo "1928"]
[Result "1-0"]
[PlyCount "39"]
[EventDate "2015.01.24"]

1. e4 e6 2. Nc3 c5 3. f4 Nc6 4. Nf3 a6 5. d3 Be7 6. g3 d6 7. Bg2 Nf6 8. O-O O-O
9. a4 Rb8 10. e5 dxe5 11. Nxe5 Nd5 12. Ne4 Nxe5 13. fxe5 f5 14. exf6 Nxf6 15.
Bf4 Nxe4 16. Bxe4 Qd4+ 17. Kg2 e5 18. Qh5 Bf6 19. Bxh7+ Kh8 20. Bg6+ 1-0

[Event "C.to Provinciale BS"]
[Site "Ghedi ITA"]
[Date "2015.02.01"]
[Round "5"]
[White "Migliorati, Michele"]
[Black "Peloni, Davide"]
[WhiteElo "1554"]
[BlackElo "1416"]
[Result "1/2-1/2"]
[PlyCount "84"]
[EventDate "2015.01.24"]

1. b3 d5 2. Bb2 Nc6 3. e3 e5 4. Bb5 Bd7 5. Bxc6 Bxc6 6. Bxe5 d4 7. Nf3 d3 8.
O-O Bxf3 9. Qxf3 dxc2 10. Nc3 c6 11. Qe4 Qe7 12. Rac1 f6 13. Bd6 Qxe4 14. Nxe4
O-O-O 15. Bxf8 Rxf8 16. Rxc2 Rd8 17. d4 Ne7 18. b4 f5 19. Nc3 f4 20. b5 Nf5 21.
bxc6 bxc6 22. d5 fxe3 23. g4 Nd4 24. Rb2 exf2+ 25. Rfxf2 cxd5 26. Rf7 Rd7 27.
Rb8+ Kxb8 28. Rxd7 Nf3+ 29. Kg2 d4 30. Nb5 Ne1+ 31. Kf1 Nc2 32. Nxd4 Nxd4 33.
Rxd4 h5 34. g5 Rf8+ 35. Kg2 Re8 36. Kg3 Kc7 37. Rf4 Rd8 38. Rf7+ Rd7 39. g6 Kd6
40. Rf5 Ke6 41. Rxh5 Kf6 42. Ra5 Kxg6 1/2-1/2

[Event "C.to Provinciale BS"]
[Site "Ghedi ITA"]
[Date "2015.02.01"]
[Round "5"]
[White "Ricci, Davide"]
[Black "Conti, Ferdinando"]
[WhiteElo "1527"]
[BlackElo "1679"]
[Result "1-0"]
[PlyCount "109"]
[EventDate "2015.01.24"]

1. d4 Nf6 2. c4 c5 3. Nf3 cxd4 4. Nxd4 g6 5. Bf4 d6 6. Bg5 Bg7 7. Nc3 h6 8. Bd2
O-O 9. f3 Nbd7 10. Nb3 a6 11. e4 Qc7 12. Qc1 Kh7 13. Be3 Nb6 14. Nd2 Be6 15. b3
Ng8 16. Rb1 Nd7 17. Nd5 Bxd5 18. cxd5 Rac8 19. Qxc7 Rxc7 20. a4 Bc3 21. Bc4
Rfc8 22. O-O Ne5 23. Be2 Bxd2 24. Bxd2 e6 25. dxe6 fxe6 26. Rfc1 Ne7 27. Rxc7
Rxc7 28. Rc1 Rxc1+ 29. Bxc1 N7c6 30. Bb2 Nd7 31. Bc4 Nf8 32. Ba3 Na5 33. Bxd6
Nxc4 34. bxc4 Nd7 35. c5 Kg7 36. a5 Kf7 37. e5 Ke8 38. Kf2 Kd8 39. Ke3 Kc8 40.
Kd4 Nb8 41. Bxb8 Kxb8 42. g4 Kc7 43. h4 Kc6 44. Kc4 Kd7 45. f4 Kc6 46. Kd4 Kd7
47. Ke4 Ke7 48. f5 Kf7 49. fxe6+ Kxe6 50. h5 gxh5 51. gxh5 Ke7 52. Kf5 Kf7 53.
e6+ Ke7 54. Ke5 Kf8 55. Kf6 1-0

[Event "C.to Provinciale BS"]
[Site "Ghedi ITA"]
[Date "2015.02.01"]
[Round "5"]
[White "Rrasa, Elvan"]
[Black "Peli, Jordan"]
[WhiteElo "1718"]
[BlackElo "1518"]
[Result "0-1"]
[PlyCount "90"]
[EventDate "2015.01.24"]

1. e4 c5 2. Nf3 e6 3. d4 cxd4 4. Nxd4 a6 5. c4 Nc6 6. a3 Bc5 7. Nf3 Nf6 8. Bd3
d5 9. exd5 exd5 10. Qe2+ Be6 11. cxd5 Nxd5 12. O-O O-O 13. Ng5 Nd4 14. Bxh7+
Kh8 15. Qh5 Nf6 16. Qh4 Ng4 17. Be4+ Nh6 18. Nc3 f5 19. Bf3 Nb3 20. Rb1 Nxc1
21. Qf4 Nd3 22. Nxe6 Nxf4 23. Nxd8 Raxd8 24. Bxb7 Rf6 25. g3 Nd3 26. b4 Bxf2+
27. Rxf2 Nxf2 28. Kxf2 Ng4+ 29. Kg1 Rd3 30. Rc1 Rh6 31. Rc2 Ne3 32. Rc1 Rb6 33.
Bg2 Nxg2 34. Na4 Rbd6 35. Kxg2 Rd2+ 36. Kf3 R6d3+ 37. Kf4 Rxa3 38. Nc5 Rd4+ 39.
Kxf5 Rxb4 40. Ne6 Ra5+ 41. Kg6 Rg4+ 42. Kf7 Rf5+ 43. Ke7 Re4 44. Kd6 Rf6 45.
Kd7 Rexe6 0-1

[Event "C.to Provinciale BS"]
[Site "Ghedi ITA"]
[Date "2015.02.01"]
[Round "5"]
[White "Testa, Italo"]
[Black "Dieli, Alberto"]
[WhiteElo "1491"]
[BlackElo "1935"]
[Result "0-1"]
[PlyCount "112"]
[EventDate "2015.01.24"]

1. e4 e5 2. Nf3 Nc6 3. Nc3 Nf6 4. Bc4 Bc5 5. a3 O-O 6. d3 h6 7. h3 d6 8. Na4
Nd7 9. Nxc5 Nxc5 10. Be3 Ne6 11. Bxe6 Bxe6 12. O-O f5 13. exf5 Rxf5 14. Nh2 Qh4
15. Qg4 Qf6 16. Qe2 Qg6 17. Qg4 Qf7 18. Qe2 d5 19. c3 Qg6 20. Kh1 d4 21. Bd2
Raf8 22. f3 Rh5 23. Rg1 Rh4 24. Be1 Rhf4 25. c4 h5 26. b4 R4f7 27. b5 Nd8 28.
Rd1 Qg5 29. Bb4 Re8 30. Rge1 Bd7 31. Qd2 Qf6 32. Qe2 b6 33. a4 c5 34. Bd2 Bf5
35. Bc1 Rfe7 36. g4 Bh7 37. Qg2 Qh4 38. g5 Bxd3 39. Bd2 Bf5 40. g6 Bxh3 41. Qg1
Qf6 42. Bg5 Qxg6 43. Bxe7 Qxg1+ 44. Rxg1 Rxe7 45. Rg5 Nf7 46. Rxh5 Be6 47. Ng4
Bxc4 48. Re1 g6 49. Rh2 Kg7 50. Kg2 Bd5 51. Reh1 Ng5 52. Rf1 c4 53. Kg3 c3 54.
f4 Ne4+ 55. Kh4 exf4 56. Nf2 Nd2 0-1

[Event "C.to Provinciale BS"]
[Site "Ghedi ITA"]
[Date "2015.02.01"]
[Round "6"]
[White "Agnelli, Francesco"]
[Black "Geroldi, Alberto"]
[WhiteElo "2020"]
[BlackElo "1482"]
[Result "1-0"]
[PlyCount "51"]
[EventDate "2015.01.24"]

1. e4 d6 2. d4 Nf6 3. Nc3 g6 4. f3 Bg7 5. Be3 O-O 6. Qd2 c6 7. Nge2 b5 8. g4 h5
9. gxh5 Nxh5 10. Ng3 Nf6 11. h4 e5 12. O-O-O b4 13. Nce2 Qa5 14. Kb1 Be6 15.
Nc1 exd4 16. Bxd4 Nh5 17. Bxg7 Kxg7 18. Qxd6 Rh8 19. Qd4+ Kg8 20. Nxh5 Rxh5 21.
Be2 Qb6 22. Qd2 Nd7 23. f4 Ra5 24. f5 gxf5 25. Rhg1+ Kf8 26. Qd6+ 1-0

[Event "C.to Provinciale BS"]
[Site "Ghedi ITA"]
[Date "2015.02.01"]
[Round "6"]
[White "Burimi, Ilir"]
[Black "Andreis, Stefano"]
[WhiteElo "1931"]
[BlackElo "1873"]
[Result "1-0"]
[PlyCount "109"]
[EventDate "2015.01.24"]

1. e4 d6 2. d4 Nf6 3. Nc3 g6 4. Nf3 Bg7 5. h3 O-O 6. Be3 c6 7. Qd2 Qa5 8. Bd3
b5 9. O-O b4 10. Ne2 Qb6 11. a3 Na6 12. c3 b3 13. Bh6 Nc7 14. Bxg7 Kxg7 15. Ng3
Bd7 16. Rae1 Rad8 17. e5 Ng8 18. Nh4 dxe5 19. Rxe5 Be6 20. Rfe1 Rd5 21. Rxd5
Nxd5 22. Qg5 Ndf6 23. f4 h6 24. Qe5 Qb8 25. f5 Qxe5 26. dxe5 Nd5 27. fxe6 Nf4
28. Bc4 fxe6 29. Rd1 Rb8 30. Nf3 h5 31. Ng5 h4 32. N3e4 Nh6 33. Nxe6+ Nxe6 34.
Bxe6 Rb5 35. Nd2 Rxe5 36. Bxb3 Nf5 37. Kf2 Ng3 38. Bc4 Rf5+ 39. Nf3 e5 40. Ke3
Rf4 41. b3 Nf5+ 42. Ke2 e4 43. Ng5 Ng3+ 44. Ke3 Rf5 45. Nxe4 Re5 46. Bd3 Nf5+
47. Kf4 Rd5 48. Be2 Ra5 49. a4 Ne7 50. Rd7 Rf5+ 51. Ke3 Kf8 52. Bg4 Nd5+ 53.
Kd4 Rf4 54. Rxa7 Nf6 55. Ke5 1-0

[Event "C.to Provinciale BS"]
[Site "Ghedi ITA"]
[Date "2015.02.01"]
[Round "6"]
[White "Campana, Andrea"]
[Black "Urbani, Gabriel"]
[WhiteElo "1437"]
[BlackElo "1416"]
[Result "1-0"]
[PlyCount "63"]
[EventDate "2015.01.24"]

1. d4 d5 2. c4 Nf6 3. Nc3 c6 4. e3 b6 5. Nf3 Bf5 6. Ne5 Nbd7 7. Nxc6 Qc7 8. Qa4
e6 9. cxd5 exd5 10. Ne5 Bd6 11. Nb5 Qb8 12. Nc6 O-O 13. Nxb8 Bxb8 14. Be2 Rc8
15. O-O Bc7 16. Bd2 Ne4 17. Bb4 a5 18. Nxc7 Rxc7 19. Rac1 Rxc1 20. Rxc1 g6 21.
Be7 Re8 22. Bh4 g5 23. Bg3 Ndf6 24. Be5 Bd7 25. Bb5 Bxb5 26. Qxb5 Re6 27. Rc8+
Kg7 28. f3 Nd2 29. Rc6 Rxc6 30. Qxc6 Nc4 31. Qxf6+ Kf8 32. Qd8# 1-0

[Event "C.to Provinciale BS"]
[Site "Ghedi ITA"]
[Date "2015.02.01"]
[Round "6"]
[White "Conti, Ferdinando"]
[Black "Rrasa, Elvan"]
[WhiteElo "1679"]
[BlackElo "1718"]
[Result "1-0"]
[PlyCount "153"]
[EventDate "2015.01.24"]

1. Nf3 d5 2. b4 e6 3. Bb2 f5 4. e3 Nf6 5. a3 c6 6. c4 b6 7. Nc3 Bd6 8. d4 Nbd7
9. Qb3 Bb7 10. Be2 O-O 11. O-O Ne4 12. Rad1 g5 13. Nxe4 fxe4 14. Ne1 Nf6 15. f3
Qe7 16. c5 Bc7 17. Bc3 b5 18. Nc2 Qg7 19. Rf2 g4 20. f4 h5 21. g3 Qh7 22. Be1
Ne8 23. Kh1 Ng7 24. Rg2 Nf5 25. Bf2 Rf7 26. Bg1 Rg7 27. Rf1 Bd8 28. Bf2 h4 29.
a4 a6 30. a5 hxg3 31. Bxg3 Qh3 32. Rfg1 Nh6 33. Qb1 Kf7 34. Qf1 Nf5 35. Rf2
Nxg3+ 36. Rxg3 Qxf1+ 37. Rxf1 Bh4 38. Rxg4 Rxg4 39. Bxg4 Rg8 40. Rg1 Bc8 41.
Rg2 Bd7 42. h3 Kf6 43. Kg1 Be8 44. Kf1 Bg6 45. Na3 Bf7 46. Nb1 Bg6 47. Nd2 Rg7
48. Ke2 Rg8 49. Nf1 Bf7 50. Ng3 Rh8 51. Kf1 Bg6 52. Kg1 Kf7 53. f5 exf5 54.
Nxf5 Bxf5 55. Bxf5 Rh6 56. Bc8 Be1 57. Rb2 Kf6 58. Kf1 Bc3 59. Rb3 Ba1 60. Kg2
Rg6+ 61. Kh2 Kg5 62. Bxa6 Kh4 63. Bc8 Rg3 64. a6 Bxd4 65. a7 Bxe3 66. Rxe3 Rxe3
67. a8=Q Re2+ 68. Kg1 Kg3 69. Kf1 Rf2+ 70. Ke1 d4 71. Qxc6 Kf3 72. Bg4+ Ke3 73.
Qh6+ Kd3 74. c6 Ra2 75. Qc1 Rh2 76. Qa3+ Kc4 77. Be6# 1-0

[Event "C.to Provinciale BS"]
[Site "Ghedi ITA"]
[Date "2015.02.01"]
[Round "6"]
[White "Dieli, Alberto"]
[Black "Poletti, Fausto"]
[WhiteElo "1935"]
[BlackElo "1928"]
[Result "1/2-1/2"]
[PlyCount "115"]
[EventDate "2015.01.24"]

1. e4 c5 2. Nf3 Nc6 3. d4 cxd4 4. Nxd4 Nf6 5. Nc3 e5 6. Ndb5 d6 7. Bg5 a6 8.
Na3 b5 9. Nd5 Be7 10. Bxf6 Bxf6 11. c3 O-O 12. Be2 Bg5 13. O-O Kh8 14. Qd3 f5
15. Bf3 f4 16. Rad1 Be6 17. Rd2 Rb8 18. Nc2 Qc8 19. Rfd1 Rd8 20. Qe2 g6 21.
Ncb4 Nxb4 22. Nxb4 Be7 23. Nd5 Bf8 24. Rc1 h5 25. Bxh5 Bxd5 26. Bxg6 Be6 27.
Qh5+ Kg7 28. g4 Bxg4 29. Qh7+ Kf6 30. Bf7 Bf5 31. exf5 Qxf5 32. Qxf5+ Kxf5 33.
f3 Rb7 34. Bd5 Rg7+ 35. Kh1 Rdd7 36. a3 Rc7 37. Rg1 Rxg1+ 38. Kxg1 Be7 39. Rg2
Rc5 40. Rd2 Rc7 41. Kf1 Rc5 42. Ke2 a5 43. Rd3 Rc8 44. Kf2 Rc5 45. b3 Rc8 46.
c4 bxc4 47. Be4+ Kf6 48. Rc3 Bd8 49. Bd5 Bb6+ 50. Kg2 Rc5 51. bxc4 Rc7 52. Rb3
Bc5 53. Rb5 Bxa3 54. Rxa5 Bc5 55. Ra2 Rg7+ 56. Kh3 Rh7+ 57. Kg2 Rg7+ 58. Kh3
1/2-1/2

[Event "C.to Provinciale BS"]
[Site "Ghedi ITA"]
[Date "2015.02.01"]
[Round "6"]
[White "Lumachi, Gabriele"]
[Black "Domenighini, Alessandro"]
[WhiteElo "1443"]
[BlackElo "1721"]
[Result "0-1"]
[PlyCount "96"]
[EventDate "2015.01.24"]

1. e4 g6 2. c3 Bg7 3. d4 d6 4. Nf3 Nf6 5. Bd3 O-O 6. h3 Nbd7 7. O-O e5 8. dxe5
Nxe5 9. Nxe5 dxe5 10. Bc2 Be6 11. Qxd8 Raxd8 12. Be3 b6 13. Nd2 Ne8 14. Bb3
Bxb3 15. Nxb3 Nd6 16. Rfe1 Nc4 17. Re2 Nxe3 18. Rxe3 Bh6 19. Ree1 c5 20. c4 a5
21. a4 Rd3 22. Nc1 Bxc1 23. Raxc1 Rfd8 24. Rc2 h5 25. Rec1 R3d4 26. f3 Kg7 27.
Rc3 h4 28. R1c2 Kh6 29. Rb3 R8d6 30. Kf2 Kg5 31. Re3 Kf4 32. Re1 Rd3 33. Rce2
Rd1 34. Rxd1 Rxd1 35. Rc2 Rd4 36. b3 f5 37. exf5 gxf5 38. Re2 Rd3 39. Rb2 e4
40. fxe4 fxe4 41. Ke2 Kg3 42. Ke1 e3 43. Ke2 Rd2+ 44. Rxd2 exd2 45. Kxd2 Kxg2
46. Ke2 Kxh3 47. Kf3 Kh2 48. Kf2 h3 0-1

[Event "C.to Provinciale BS"]
[Site "Ghedi ITA"]
[Date "2015.02.01"]
[Round "6"]
[White "Peli, Jordan"]
[Black "Ricci, Davide"]
[WhiteElo "1518"]
[BlackElo "1527"]
[Result "1/2-1/2"]
[PlyCount "38"]
[EventDate "2015.01.24"]

1. e4 e6 2. d4 d5 3. exd5 exd5 4. c3 c6 5. Bd3 Bd6 6. Ne2 Qc7 7. f4 Nf6 8. b3
h6 9. h3 Nbd7 10. O-O b6 11. Ng3 g6 12. Re1+ Be7 13. Qe2 Nf8 14. f5 Ng8 15. Qf3
Kd8 16. fxg6 fxg6 17. Bf4 Bd6 18. Be5 Rh7 19. Bf6+ Ne7 1/2-1/2